000 00662cam a22002053a 4500
001 38797
003 PGUSA
005 20140828083844.0
008 120209s2012||||xxu|||||s|||||000 | eng d
040 _aPGUSA
_beng
042 _adc
100 1 _aDufour, Pierre
245 1 0 _aHistoire de la prostitution chez tous les peuples du monde depuis l'antiquité la plus reculée jusqu'à nos jours, tome 1/6
_h[electronic resource] /
_cPierre Dufour
260 _bProject Gutenberg,
_c2012
506 _aPublic domain in the USA.
516 _aElectronic text
830 0 _aProject Gutenberg
_v38797
856 4 0 _uhttp://www.gutenberg.org/ebooks/38797
942 _cEB
999 _c268051
_d268051